Repórter do "Petit vingtième" no país dos sovietes (Registo nº 461)

Detalhes MARC
000 -Etiqueta do registo
Cabeçalho 00785cam a2200289 4500
005 - Identificador da versão
Campo de controlo 20240822121755.0
010 ## - Número internacional normalizado dos livros (ISBN)
Número (ISBN) 9725532953
021 ## - Número do Depósito Legal
Código do país PT
Número 141943/99
035 ## - Other System Control Numbers
System Control Number 0000476
System Control Number 0000474
System Control Number 0000474
System Control Number 0000467
100 ## - Dados gerais de processamento
Dados gerais de processamento 20000615d1999 am y0pory5003 ba
101 1# - Língua de publicação
Língua do texto, banda sonora, etc. Português
Língua do documento no original Francês
102 ## - Pais de publicação ou produção
País de publicação Portugal
105 ## - Campo de dados codificados: livros
Dados codificados dos livros a t 000ay
106 ## - Campo de dados codificados: material textual
Dados codificados do material textual r
200 1# - Titulo e menção de responsabilidade
Título próprio Repórter do "Petit vingtième" no país dos sovietes
Primeira menção de responsabilidade Hergé
Outras menções de responsabilidade trad. João Magalhães Guedes
210 ## - Publicação, Distribuição, etc. 
Lugar da edição, distribuição, etc. [Lisboa]
Nome do editor, distribuidor, etc. Difusão Verbo
Data da publicação, distribuição, etc. imp. 1999
215 ## - Descrição física 
Indicação específica da natureza do documento e extensão da espécie 141 p.
Outras indicações físicas muito il.
Dimensões 30 cm
225 2# - Colecção 
Título próprio da colecção As aventuras de Tintim
675 ## - Classificação Decimal Universal (CDU)
Notação 087.5
Edição BN
Língua da edição por
Edição BN
Língua da edição por
700 ## - Nome de autor-pessoa física (responsabilidade principal)
Número de registo de entrada de autoridade 0000529
Palavra de ordem Hergé
Elementos de identificação ou distinção pseud.
702 ## - Nome de autor-pessoa física (responsabilidade secundária)
Número de registo de entrada de autoridade 0000530
Palavra de ordem Guedes
Outra parte do nome não tomada para palavra de ordem João Magalhães
Código de função Tradutor
942 ## - Elementos de entrada adicionados (Koha)
Tipo de item no Koha Livro
Exemplares
Situação do levantamento Origin of item (home branch) (coded) Biblioteca de empréstimo Código de barras Cota Circulation type (not for loan) Tipo de documento Nota do exemplar Damaged status
  Biblioteca Escolar Eng. Nuno Mergulhão Biblioteca Escolar Eng. Nuno Mergulhão BENM02 8BD HER   Livro Sem mensagem